00292nam a22000977a 450000500170000000800410001702000150005804000080007324500460008126000670012720200910142405.0200910b ||||| |||| 00| 0 eng d a0749628626 cCML aThe Ashanti of West Africa.cHetfield, J. aUnited States of AmericabThe Rosen Publishing Group Incc1996